Statistics for Countries Closest to the Adriatic Sea - 30 Second Sprint

Click here to take the quiz!

General Stats

  • This quiz has been taken 20 times
  • The average score is 10 of 20

Answer Stats

kmcountrymiles% Correct
0Italy0
100%
0Croatia0
88%
0Montenegro0
88%
0Albania0
82%
0Greece0
82%
0Bosnia and
Herzegovina
0
76%
0Slovenia0
76%
82Austria51
59%
71North Macedonia44
59%
10San Marino6
59%
154Vatican City96
59%
106Serbia66
53%
186Switzerland115
35%
272France169
29%
206Hungary128
29%
83Kosovo51
29%
235Bulgaria146
12%
190Germany118
12%
313Czechia195
6%
271Liechtenstein169
6%

Score Distribution

Percentile by Number Answered

Percent of People with Each Score

Your Score History

You have not taken this quiz